000 00623nam a2200205 4500
003 OSt
005 20240620063044.0
006 a
008 240620b |||||||| |||| 00| 0 eng d
020 _a9780470397039
040 _aDWCL-HMN lib.
_cOC
082 _aCirc. 641.815 P642r 2009
245 _aPillsbury bake-off prize-winning recipes : 100 top recipes from the 43rd Pillsbury Bake-Off Contest /
260 _aCanada :
_bWiley Pub.,
_cc2009.
300 _b224 p. : col. ill. ;
_c23 cm.
504 _aIncludes index.
650 _a1. Baking.
650 _a2. Quick and easy cookery.
942 _2ddc
_n0
_cBK-CIRC
_kCirc.
999 _c990
_d990